000 01429nam a22003737a 4500
003 CHAP
005 20220329133820.0
008 971013s1986 r 00010 d
010 _a11285
011 _a12257
035 _a14661
040 _cCHAP
090 _aFolleto 14614
100 0 0 _aAguilar Zamora, Agustín Alejandro.
_92881
245 1 _aAplicación de nitrato de potasio en mango manila para adelantar la floración
260 _aVeracruz, Ver. :
_bINIA. Campo Agrícola Experimental Cotaxtla,
_c1986
300 _aHoja plegable
490 _aINIA. México. Campo Agrícola Experimental Cotaxtla. Desplegable para productores
_v; 1
590 _aBATCH-UPD
_b10
_c20130110
_lUCH01
_h0310
590 _aBATCH-UPD
_b10
_c20130110
_lUCH01
_h1259
590 _aBATCH-UPD
_b10
_c20130409
_lUCH01
_h2342
590 _aBATCH-UPD
_b10
_c20130410
_lUCH01
_h1512
590 _aBATCH-UPD
_b10
_c20130913
_lUCH01
_h2314
590 _aCONVERSION
_b10
_c20130109
_lUCH01
_h1307
650 1 4 _aMango
_xFloración.
_970419
650 1 4 _aMango
_xVariedades.
_970459
650 1 4 _aNitrato de potasio
_xEfecto en plantas.
_981392
700 0 _aMosqueda Vázquez, Raúl.
_979022
700 0 _aSantos de la Rosa, Fidel de los.
_9102467
830 0 _aINIA. México. Campo Agrícola Experimental Cotaxtla. Desplegable para productores
_v; 1
_958485
901 _aBK
942 _cFOLL
949 _aFolleto 14614
_bBC
_cFOLL
_d-138393
_eTS1
_i14661
_si
999 _c11285
_d11285